000 00483nam a2200181Ia 4500
001 4027
005 20260306145726.0
008 260306t1958||||xx |||||||||||||| ||spa||
041 _aESP
082 _a306.6
_bH22
100 _aHäring, Bernhard
_eAUT
245 0 _aFuerza y flaqueza de la religión:
_bla sociología religiosa como llamamiento al apostolado
260 _c1958
300 _a471 páginas :
_c22 cm.
650 _aGEN
654 _aCHU
942 _cLIB
_dJUS
_fJUS
_2ddc
_n
999 _c4027
_d4027